| STA | |a MIBE-2025 |
| FMT | BK |
| LDR | nab 22 i 4500 |
| 001 | 000476109 |
| 005 | 20250708100056.0 |
| 006 | m d |
| 007 | cr nuu---uuuuu |
| 008 | 241126s2025 xxka fs 000 0 eng d |
| 0247 | |a 10.1002/jae.3115 |2 doi |
| 0248 | |a WOS:001413878700001 |q DT1944 |
| 040 | |a ES-MaBBE |
| 084 | |a C32 |
| 084 | |a E32 |
| 084 | |a E52 |
| 084 | |a E62 |
| 098 | |a E5 |e Fluctuaciones y ciclos económicos |
| 098 | |a E3 |e Política monetaria |
| 098 | |a C3 |e Métodos Econométricos y Estadísticos |
| 1001 | |a Alloza, Mario |
| 24510 | |a Dynamic effects of persistent shocks |h [Recurso electrónico] / |c Mario Alloza, Jesús Gonzalo, Carlos Sanz. |
| 500 | |a Artículo de revista |
| 506 | |a Acceso público y gratuito a la versión electrónica en Internet |
| 5203 | |a We provide evidence that many narrative shocks used by prominent literature display some persistence. We show that the two leading methods to estimate impulse responses to an independently identified shock (local projections and distributed lag models) treat persistence differently, hence identifying different objects. We propose corrections to re-establish the equivalence between local projections and distributed lag models, providing applied researchers with methods and guidance to estimate their desired object of interest. We apply these methods to well-known empirical work and find that how persistence is treated has a sizable impact on the estimates of dynamic effects. [Resumen de autor] |9 [eng] |
| 65310 | |a Fiscal policy |
| 65310 | |a Impulse response function |
| 65310 | |a Local projection |
| 65310 | |a Monetary policy |
| 65310 | |a Shock |
| 650 4 | |a Política fiscal |
| 650 4 | |a Política monetaria |
| 7001 | |a Gonzalo, Jesús |
| 7001 | |a Sanz, Carlos |
| 7730 | |t Journal of Applied Econometrics [Artículos] |g v. 40, issue 4, June/July 2025, pp, 380-394 |x 0883-7252 |
| 85641 | |z Acceso al texto completo |u https://doi.org/10.1002/jae.3115 |
| LKR | |a PAR |b 000469104 |l NSB01 |n Documentos de Trabajo / Banco de España ; 1944 |m Journal of Applied Econometrics, v. 40, issue 4, June/July 2025, pp, 380-394 |
| TYP | |a Artículo |
| TYP | |a Recurso electronico |
| TYP | |a EL |b Acceso |
| SYS | 000476109 |
2013 Banco de España, Madrid, España. Reservados todos los derechos
Basado en Ex Libris (© 2009 Ex Libris)